000 00202 a2200097 4500
001 52536
100 _aStone Irving
245 _aThe Origin
260 _aLondon
_bCorgi Books
_c
090 _c33023
_d33023
942 _aNUST-CAE
_cM
_c25585
999 _c287609
_d287609